Quizzes
Events
Quiz Creation
Community
Videos
Private Events
Remove Ads
Sign In
Join for FREE
Feedback
Dark Mode
Quiz Categories
Sports
Geography
Music
Movies
Television
Just For Fun
Miscellaneous
History
Literature
Language
Science
Gaming
Entertainment
Religion
Holiday
For Kids
Quiz Lab
Recent
Popular Today
Quiz Kudos Today
Editor Picks
Curator Picks
Quizzes by...
Day
Popularity
Type
Ratings
Length
Year
Community
Subscriptions
Recent Discussions
Orange Saloon
Badges
Playlists
Quests
Create
Leaderboards
Showdown
Live 5
Trivia Bingo
Activity
Puzzle Library
Sporcle Events
Private Events
Virtual Trivia
Globe League
Become a Host
Pub Owners
SporcleCon
Opinionation
Our Games
Videos
Blog
Mobile Apps
Partnerships
Remove Ads and Go Orange
Feedback
Movies
Disney
Marvel Cinematic Universe
Movie Resume
Movie Titles
Oscar
Actor
Actress
Director
Pixar
Role
Movie Quotes
Movie Characters
Box Office
Nominee
Best Picture
Star Wars
James Bond
Horror Movies
Movies
Disney
Marvel Cinematic Universe
Movie Resume
Movie Titles
Oscar
Actor
Actress
Director
Pixar
Role
Movie Quotes
Movie Characters
Box Office
Nominee
Best Picture
Star Wars
James Bond
Horror Movies
Random Quiz
Search Sporcle
×
Quiz Lab
Quiz Lab
Movies
product
Type in answers that appear in a list
Type in answers that appear in a list
Classic
Best Score? Go Orange.
Back to the Future Advertised Products Stats
How closely were you watching? Can you name the brand of product seen or mentioned on screen in Back to the Future?
By
biggs364
6m
30 Questions
785 Plays
785 Plays
785 Plays
Comments
Comments
Give Quiz Kudos
Give Quiz Kudos
-
- Ratings
hide this ad
Replay
Link that replays current quiz
Next Quiz
Link to next quiz in quiz playlist
You Got
0%
They Got
Avg Score
24%
Avg Friend Score
Upgrade to see
Score Distribution
Jump to the score distribution portion of the page
Score
0/30
Timer
06:00
0
Plays Today
Hint
Answer
% Correct
1955 Soda Marty gets from machine at service station
Pepsi
88.2%
1955 Marty's underwear brand
Calvin Klein
64.8%
1985 Fast Food restaurant next to Doc's house
Burger King
52.2%
1985 The Libyan's car make
Volkswagen
45.5%
1985 Soft drink logo on Jeep driver's hat
Mountain Dew
41.4%
1955 Only Coke product mentioned (in Lou's Cafe)
Tab
40.5%
1955/
1985 tires on the Delorean
Goodyear
38.6%
1985 McFly kitchen, brand of coffee
Maxwell house
32.4%
1985 Biff's green sweatsuit
Adidas
31.8%
1985 Department store prominently featured at Twin Pines Mall
JCPenney
30.4%
1985 Beer given to Biff
Lite
29.7%
1985 Marty's soft drink at dinner
Diet Pepsi
29.4%
1955/
1985 Video Camera
JVC
27.4%
1985 Marty's clock radio
Panasonic
26.1%
1955 Make of car driven by Marvin Berry and the Starlighters
Cadillac
23.4%
Hint
Answer
% Correct
1985 Beer in McFly refrigerator and dining room table
Bud lite
22.3%
1985 Brand of canned dog food for Einstein
Kal Kan
20.2%
1985 Doc's van make
GMC
16.8%
1985 Control watch
Seiko
15.2%
1985 Advertisement on park bench with sleeping drunk (Red)
California Raisins
15.2%
1955 Beer drunk by Marty's grandfather
Miller High Life
13.8%
1985 Brand of oil in back of Biff's Auto detailing truck
Quaker State
13.6%
1955 One of two songs advertised outside record store
The Ballad of Davy Crocket
13.2%
1985 Empty soda can in Marty's bedroom
Diet Pepsi free
12.4%
1955 Auto parts store on Main Street
Western Auto
12.4%
1985 Brand of Coffeemaker in Doc's house
General Electric
11.3%
1985 Lorraine McFly's vodka
Popovs
9.2%
1955 Marty's portable cassette player
Aiwa
7.8%
1985 Advertisment on park bench (scene with Marty and Jennifer)
Zales Jewelers
7.7%
1955 George McFly's sci-
fi magazine
Fantastic Story
7.7%
Quiz Playlist
Details
Report
Send in Message
Add To Playlist
Classic:
Type in answers that appear in a list
Last Updated: Dec 18, 2020
Quiz Scoreboard
CHALLENGE
Sign Up to Join the Scoreboard
Show All
Scores
Hide
Comments
May contain spoilers
Recently Published
Presidents Visiting Landmarks
by Hejman
History
7m
An Introduction to Baseball
by treessimontrees
Sports
5m
Movies - When Are They Set?
by FPL_Elf
Movies
5m
More to Explore
Quiz From the Vault
Featured Blog Post
Where Did the Easter Bunny Come From?
hide this ad
You Might Also Like...
Tags
Advertisement
Back to the Future
brand
future
product
screen
seen
Today's Top Quizzes in Movies
Browse Movies
hide this ad
Today's Top Quizzes in product
Browse product
Top Contributed Quizzes in Movies
1
Pick 5 Posters: Directed by Spielberg
2
7-to-1: Pixar Characters
3
Pick 5 Posters: Lowest-Rated Spielberg
4
Pick 5 Posters: Directed by Scorsese
5
Pick 5 Posters: Star & Director
6
Sorting Actors
7
Sorting Actresses
8
12 Movies about Fictional 1960s Events
9
Multi-Oscar Nominations, One Movie, One Winner
10
Pick 5 Posters: Women Directed 2020s
Explore More
Trending Topics
Marvel
Crossword
Kpop
Disney
Harry Potter
Anime
NBA
Song
NFL
Puzzle
WWE
Country
Pokémon
The Office
Soccer
hide this ad
More By:
biggs364
Quiz
Plays
Rating
Category
Featured
Created
Criteria Characters: Harry Potter II
393,825
4.62
Literature
Jun 6, 2017
10 States: The Least Populous
209,187
4.34
Geography
Aug 28, 2020
Criteria Sorting Gallery: Harry Potter
196,403
4.48
Literature
Mar 18, 2019
Triple Criteria Quiz: US States
153,344
4.36
Geography
Nov 14, 2019
Tom Hanks Films by Criteria
112,952
4.15
Movies
Feb 27, 2019
Go to Creator's Profile
Score Distribution
Quiz Creator Spotlight
biggs364
Follow
Send a Message
Quizzes Created
-
Created Quiz Play Count
-
More By This Creator
Popular Quizzes Today
1
Find the US States - No Outlines Minefield
2
Find the Countries of Europe - No Outlines Minefield
3
The Countries of the World
4
Find the US States
5
Popular People in 1961
6
US States
7
Risky Map Clicking: Biggest States A-Z
8
Movies - When Are They Set?
More Movies Quizzes
DCEU Actors by Age
Published
Trending Quizzes
Risky Map Clicking: Least Populous States A-Z
1-10 Letter G Words
1-10 Letter F Words
Risky Map Clicking: Next State Alphabetically
Risky Map Clicking: Biggest States A-Z
Recently Updated
Leaping Animals
pecheneg
Reality TV Shows (A-Z)
bhenderson79
Rickey Henderson's Hall of Fame Teammates
pecheneg
Champions League XIs: Arsenal
pecheneg
Quick Pick: Celebrities in WWE's Hall of Fame
aduchscher
A-Z Keypad Blitz II
pecheneg
Multiple Oscar Actors
pecheneg
Mystery Phrase Blitz: Oscar 'Best Actors'
pecheneg
F. Scott Fitzgerald Novels
LTH
Pick 3 Villains
ddd62291
Trending Topics
Harry Potter
Disney
Kpop
Anime
Marvel
Crossword
NBA
Puzzle
NFL
Soccer
Pokémon
Country
Song
WWE
The Office
Your Account Isn't Verified!
In order to create a playlist on Sporcle, you need to verify the email address you used during registration. Go to your
Sporcle Settings
to finish the process.
Report this User
Report this user for behavior that violates our
Community Guidelines
.
Details:
Send Report
Go to the Sporcle.com Mobile Site →
Comments